| 000 | 00512nam a22001937a 4500 | ||
|---|---|---|---|
| 003 | OSt | ||
| 008 | 251118b |||||||| |||| 00| 0 eng d | ||
| 082 |
_a338.10223 _bS47I |
||
| 245 |
_aIndian Agricultural Atlas _cby S. R. Sen |
||
| 250 | _a2nd ed. | ||
| 260 |
_a.- India _b: Economic and Statistical Adviser Ministry of Food & Agriculture _c, 1958 |
||
| 300 | _a60p. | ||
| 650 | _aSocial Sciences | ||
| 650 | _aEconomics | ||
| 650 | _aAgriculture | ||
| 650 | _aAtlas | ||
| 650 | _aIndia | ||
| 942 |
_2ddc _cRFB |
||
| 999 |
_c49199 _d49199 |
||